[Event "NATO-ch 31st"]
[Site "Blankenberge"]
[Date "2021.10.13"]
[Round "4.12"]
[White "Nielsen, Henrik"]
[Black "Cichy, Kamil"]
[Result "0-1"]
[WhiteElo "1990"]
[BlackElo "2179"]
[PlyCount "182"]
[EventDate "2021.10.11"]
[EventType "team-swiss"]
[EventRounds "7"]
[EventCountry "BEL"]
[SourceTitle "CBM 204 Extra"]
[Source "ChessBase"]
[SourceDate "2021.11.30"]
[SourceVersion "1"]
[SourceVersionDate "2021.11.30"]
[SourceQuality "1"]
[WhiteTeam "Denmark"]
[BlackTeam "Poland"]
[WhiteTeamCountry "DEN"]
[BlackTeamCountry "POL"]

1. d4 Nf6 2. Nf3 c5 3. c3 e6 4. e3 b6 5. g3 Bb7 6. Bg2 Be7 7. 0-0 0-0 8. b3 d6 9. Bb2 Nbd7 10. Nbd2 Qc7 11. Rc1 Rac8 12. Qe2 d5 13. c4 Qb8 14. Rfd1 Rfd8 15. h3 Qa8 16. dxc5 Nxc5 17. Nd4 dxc4 18. Bxb7 Qxb7 19. Nxc4 Nce4 20. Qf3 Qb8 21. Qf4 Qa8 22. Qf3 Rd5 23. Nd2 Rxc1 24. Bxc1 Nc3 25. Re1 Nxa2 26. Bb2 Nb4 27. Rc1 Qd8 28. Ba3 Qd7 29. Ne4 Nxe4 30. Qxe4 a5 31. Kg2 h6 32. Bxb4 Bxb4 33. Nc6 Bc5 34. Ne5 Qd6 35. Nc4 Qd8 36. h4 Rd3 37. Nxa5 bxa5 38. Rxc5 Rxb3 39. Qc4 Rb8 40. Qa4 Ra8 41. Kh2 Qb6 42. Rb5 Qc7 43. Rb2 Rd8 44. Ra2 Rd5 45. Rc2 Qd8 46. Kg2 g6 47. Qc4 Rd2 48. Qc8 Qxc8 49. Rxc8+ Kg7 50. Ra8 Ra2 51. g4 Kf6 52. Ra7 g5 53. hxg5+ hxg5 54. Kg3 a4 55. Kg2 a3 56. Kg3 Ra1 57. Kg2 a2 58. Ra5 Ke7 59. Kf3 Kd6 60. Kg2 Kc6 61. f4 gxf4 62. exf4 Kb6 63. Ra8 Kc5 64. Ra5+ Kd4 65. f5 exf5 66. gxf5 f6 67. Kh2 Ke4 68. Kg2 Kf4 69. Kh2 Kf3 70. Ra4 Ke3 71. Kg2 Kd3 72. Ra5 Ke4 73. Kh2 Kf4 74. Kg2 Kg4 75. Kh2 Rc1 76. Rxa2 Kxf5 77. Rf2+ Kg5 78. Kg2 f5 79. Kf3 Rc3+ 80. Kg2 Kg4 81. Kh2 Rh3+ 82. Kg2 Rg3+ 83. Kh2 Rh3+ 84. Kg2 Ra3 85. Kh2 f4 86. Kg2 Rg3+ 87. Kh2 Rh3+ 88. Kg2 f3+ 89. Kg1 Kf4 90. Rh2 Rxh2 91. Kxh2 Ke3 0-1

[Event "NATO-ch 31st"]
[Site "Blankenberge"]
[Date "2021.10.12"]
[Round "2.14"]
[White "Nielsen, Henrik"]
[Black "Bohn, Ulrich"]
[Result "1/2-1/2"]
[WhiteElo "1990"]
[BlackElo "2184"]
[PlyCount "108"]
[EventDate "2021.10.11"]
[EventType "team-swiss"]
[EventRounds "7"]
[EventCountry "BEL"]
[SourceTitle "CBM 204 Extra"]
[Source "ChessBase"]
[SourceDate "2021.11.30"]
[SourceVersion "1"]
[SourceVersionDate "2021.11.30"]
[SourceQuality "1"]
[WhiteTeam "Denmark"]
[BlackTeam "Germany"]
[WhiteTeamCountry "DEN"]
[BlackTeamCountry "GER"]

1. d4 Nf6 2. Nf3 c5 3. c3 e6 4. g3 b6 5. Bg2 Bb7 6. 0-0 Be7 7. b3 cxd4 8. cxd4 0-0 9. Bb2 d6 10. Nc3 a6 11. Rc1 b5 12. Nd2 Bxg2 13. Kxg2 Qb6 14. Nf3 Qb7 15. Qd3 Nbd7 16. Kg1 Nb6 17. Nb1 Rfc8 18. Rxc8+ Rxc8 19. Rc1 Rxc1+ 20. Bxc1 Qc6 21. Qc3 Qxc3 22. Nxc3 Nbd5 23. Nb1 Ne4 24. Bb2 b4 25. Kf1 Kf8 26. Ke1 Ndc3 27. Nxc3 bxc3 28. Bc1 f6 29. e3 d5 30. Ke2 g5 31. Ne1 g4 32. f3 gxf3+ 33. Nxf3 h5 34. Kd3 Kf7 35. Ng1 Bd6 36. Ne2 Nf2+ 37. Kxc3 Ng4 38. h4 Nf2 39. Nf4 Ne4+ 40. Kd3 Nxg3 41. Bd2 Bxf4 42. exf4 Nf5 43. Be1 e5 44. dxe5 fxe5 45. fxe5 Ke6 46. b4 Kxe5 47. a4 Kd6 48. Bf2 Kc6 49. Ke2 d4 50. Kd3 Kd5 51. b5 axb5 52. axb5 Kc5 53. b6 Kxb6 54. Bxd4+ Kc6 1/2-1/2

[Event "NATO-ch 28th"]
[Site "Budapest"]
[Date "2017.03.28"]
[Round "3"]
[White "Bohn, Ulrich"]
[Black "Nielsen, Henrik"]
[Result "1-0"]
[WhiteElo "2167"]
[BlackElo "2007"]
[PlyCount "25"]
[EventDate "2017.03.27"]
[EventType "swiss"]
[EventRounds "7"]
[EventCountry "HUN"]
[SourceTitle "CBM 177 Extra"]
[Source "ChessBase"]
[SourceDate "2017.04.27"]
[SourceVersion "1"]
[SourceVersionDate "2017.04.27"]
[SourceQuality "1"]

1. e4 c5 2. c3 d5 3. exd5 Qxd5 4. d4 Nc6 5. Nf3 cxd4 6. cxd4 e6 7. Nc3 Bb4 8. Bd3 Nge7 9. 0-0 Bxc3 10. bxc3 f6 11. Qe2 Qh5 12. Ba3 Kf7 13. Ne5+ 1-0

[Event "NATO-ch 23nd"]
[Site "Brest"]
[Date "2012.10.04"]
[Round "6"]
[White "Nielsen, Henrik"]
[Black "Cheung, Jan W"]
[Result "1-0"]
[WhiteElo "2037"]
[BlackElo "2085"]
[PlyCount "95"]
[EventDate "2012.10.01"]
[EventType "swiss"]
[EventRounds "7"]
[EventCountry "FRA"]
[SourceTitle "CBM 150 Extra"]
[Source "ChessBase"]
[SourceDate "2012.10.19"]
[SourceVersion "1"]
[SourceVersionDate "2012.10.19"]
[SourceQuality "1"]

1. d4 Nf6 2. Nf3 g6 3. g3 Bg7 4. Bg2 0-0 5. 0-0 d6 6. Re1 Nbd7 7. e4 e5 8. dxe5 dxe5 9. Nc3 Re8 10. Qe2 c6 11. Bg5 Qc7 12. Rad1 h6 13. Be3 Bf8 14. Nd2 b5 15. Nb3 a5 16. f3 a4 17. Nd2 Kh7 18. Qf2 Ba6 19. h3 Bb4 20. Ne2 Ba5 21. Nc1 c5 22. f4 Rac8 23. Nd3 c4 24. Nxe5 Nf8 25. c3 a3 26. Bd4 Ne6 27. Ndf3 Nxd4 28. Nxd4 Nh5 29. Kh2 b4 30. Nec6 bxc3 31. Nxa5 Qxa5 32. bxa3 Qxa3 33. Rc1 Rb8 34. Rc2 Rb2 35. Ree2 Reb8 36. f5 Qd6 37. e5 Qc7 38. fxg6+ fxg6 39. e6 Rxc2 40. Nxc2 Kg8 41. e7 Ng7 42. Bd5+ Kh7 43. Qf7 Bb5 44. Qf8 h5 45. Bg8+ Kh6 46. h4 Qc8 47. e8Q Bxe8 48. Qf4+ 1-0

[Event "NATO-ch 23nd"]
[Site "Brest"]
[Date "2012.10.01"]
[Round "1"]
[White "Wantiez, Fabrice"]
[Black "Nielsen, Henrik"]
[Result "1-0"]
[WhiteElo "2337"]
[BlackElo "2037"]
[PlyCount "109"]
[EventDate "2012.10.01"]
[EventType "swiss"]
[EventRounds "7"]
[EventCountry "FRA"]
[SourceTitle "CBM 150 Extra"]
[Source "ChessBase"]
[SourceDate "2012.10.19"]
[SourceVersion "1"]
[SourceVersionDate "2012.10.19"]
[SourceQuality "1"]

1. e4 c5 2. Nf3 Nc6 3. d4 cxd4 4. Nxd4 e5 5. Nb5 a6 6. Nd6+ Bxd6 7. Qxd6 Qf6 8. Qxf6 Nxf6 9. Nc3 d5 10. exd5 Nb4 11. Bd3 Nfxd5 12. Nxd5 Nxd5 13. Bd2 Be6 14. 0-0-0 f6 15. Ba5 Ne7 16. Be4 Nc6 17. Bb6 Rc8 18. a3 g6 19. h4 Ke7 20. h5 f5 21. Bd5 Bxd5 22. Rxd5 Ke6 23. Rhd1 Rhe8 24. Rd6+ Kf7 25. Rd7+ Re7 26. Bc5 Rxd7 27. Rxd7+ Kg8 28. hxg6 hxg6 29. Bb6 Rb8 30. f3 Kf8 31. Bc5+ Kg8 32. Bd6 Rd8 33. Rxd8+ Nxd8 34. Bxe5 Kf7 35. c4 Ke6 36. Bc3 Nf7 37. Kd2 Nd6 38. Kd3 f4 39. Bd4 Nf5 40. Bf2 g5 41. b4 Ke5 42. a4 Ne7 43. b5 Nf5 44. Kc3 Ne3 45. Bxe3 fxe3 46. Kd3 e2 47. Kxe2 Kd4 48. g3 Kxc4 49. bxa6 bxa6 50. Ke3 Kd5 51. f4 gxf4+ 52. Kxf4 Ke6 53. Kg5 Kf7 54. Kf5 a5 55. Ke5 1-0

[Event "NATO-ch 21st"]
[Site "Koge"]
[Date "2010.10.18"]
[Round "1"]
[White "Andersen, Hans"]
[Black "Nielsen, Henrik"]
[Result "1-0"]
[WhiteElo "1987"]
[BlackElo "2008"]
[PlyCount "133"]
[EventDate "2010.10.18"]
[EventType "swiss"]
[EventRounds "7"]
[EventCountry "DEN"]
[SourceTitle "EXT 2011"]
[Source "ChessBase"]
[SourceDate "2010.11.26"]
[SourceVersion "1"]
[SourceVersionDate "2010.11.26"]
[SourceQuality "1"]

1. d4 Nf6 2. c4 g6 3. Nc3 d5 4. cxd5 Nxd5 5. e4 Nxc3 6. bxc3 Bg7 7. Nf3 c5 8. Be3 0-0 9. Rc1 Qa5 10. Qd2 Nc6 11. d5 Rd8 12. Be2 Bg4 13. 0-0 Rac8 14. Qb2 Bxf3 15. gxf3 Ne5 16. Qxb7 Qxa2 17. Rfe1 Nd7 18. f4 h5 19. Bf3 Rb8 20. Qc6 a5 21. Qa6 a4 22. Ra1 Qb2 23. Rxa4 Bxc3 24. Rd1 Qc2 25. Ra2 Qb3 26. Ra3 Qb4 27. Ra4 Qb3 28. Ra3 Qb4 29. Ra4 Qb3 30. Qc4 Qxc4 31. Rxc4 Bb4 32. Rc2 Rdc8 33. Be2 Nb6 34. Rdc1 Na4 35. Ba6 Rd8 36. Bc4 Nb6 37. Be2 Nd7 38. Ra1 Ra8 39. Rca2 Rab8 40. Ra7 Kf8 41. Rc7 Rbc8 42. Raa7 Rxc7 43. Rxc7 Nf6 44. Bf3 Ne8 45. Rc6 Ra8 46. e5 Ng7 47. Be4 Ke8 48. Rc7 Rd8 49. Kg2 Ba5 50. Rc6 Bb4 51. Kf3 Ba3 52. Kg3 Bb4 53. Kh4 Rb8 54. Kg5 Kd7 55. e6+ fxe6 56. Kxg6 Bc3 57. Bxc5 h4 58. Ba7 Rb3 59. Ra6 exd5 60. Bxd5 Rb1 61. Bc5 h3 62. Ra7+ Kc8 63. Rxe7 Rg1+ 64. Kf7 Nh5 65. Be6+ Kb8 66. Bd6+ Ka8 67. Bd5# 1-0

[Event "NATO-ch 20th"]
[Site "Hammelburg"]
[Date "2009.06.18"]
[Round "5"]
[White "Krainski, Jaroslaw"]
[Black "Nielsen, Henrik"]
[Result "1-0"]
[WhiteElo "2072"]
[BlackElo "2011"]
[PlyCount "83"]
[EventDate "2009.06.15"]
[EventType "swiss"]
[EventRounds "7"]
[EventCountry "GER"]
[SourceTitle "CBM 130 Extra"]
[Source "ChessBase"]
[SourceDate "2009.07.02"]
[SourceVersion "2"]
[SourceVersionDate "2009.07.15"]
[SourceQuality "1"]

1. e4 c5 2. Nf3 Nc6 3. d4 cxd4 4. Nxd4 e5 5. Nb5 a6 6. Nd6+ Bxd6 7. Qxd6 Qf6 8. Qxf6 Nxf6 9. Nc3 d5 10. Nxd5 Nxd5 11. exd5 Nb4 12. Kd1 Nxd5 13. c4 Nb4 14. a3 Nc6 15. Kd2 Bf5 16. Kc3 0-0-0 17. Be3 Nd4 18. Rc1 Rd7 19. b4 Rhd8 20. a4 b6 21. c5 Kb7 22. Kb2 Rc7 23. cxb6 Rxc1 24. Kxc1 Kxb6 25. Kd2 Kb7 26. Bc4 Nc2+ 27. Kc3 Nxe3 28. fxe3 f6 29. g4 Bxg4 30. Rg1 h5 31. h3 Bxh3 32. Rxg7+ Rd7 33. Rg6 Rd6 34. e4 Bd7 35. Rg7 h4 36. Bd5+ Kc7 37. Kc4 h3 38. Kc5 Rb6 39. Rh7 Rb8 40. Be6 Rd8 41. Bxh3 Kc8 42. Bxd7+ 1-0

[Event "NATO-ch 19th"]
[Site "Brussels"]
[Date "2008.08.05"]
[Round "3"]
[White "Nielsen, Henrik"]
[Black "Krainski, Slawomir"]
[Result "1-0"]
[WhiteElo "1998"]
[BlackElo "2150"]
[PlyCount "79"]
[EventDate "2008.08.04"]
[EventType "swiss"]
[EventRounds "7"]
[EventCountry "BEL"]
[SourceTitle "EXT 2015"]
[Source "ChessBase"]
[SourceDate "2014.11.20"]
[SourceVersion "1"]
[SourceVersionDate "2014.11.20"]
[SourceQuality "1"]

1. d4 d6 2. Nf3 Bg4 3. Bf4 Nd7 4. Nbd2 Ngf6 5. h3 Bh5 6. e4 e5 7. dxe5 dxe5 8. Bg3 Bd6 9. Bd3 0-0 10. c3 Nc5 11. Bc2 Nfd7 12. Nc4 f5 13. Nxd6 cxd6 14. Qxd6 Bxf3 15. gxf3 f4 16. Bh2 Rf6 17. Qd5+ Ne6 18. 0-0-0 Ndf8 19. Qxe5 Qe7 20. Bb3 Kh8 21. Rd6 Re8 22. Rhd1 h6 23. Bxe6 Nxe6 24. h4 Qf8 25. Qa5 a6 26. Qb6 Kh7 27. e5 Rg6 28. h5 Rg2 29. Rxe6 Rxh2 30. Rxe8 Qxe8 31. Qd4 Qxh5 32. Rg1 Qxf3 33. e6 Rg2 34. Rxg2 Qxg2 35. e7 Qf1+ 36. Qd1 Qb5 37. a4 Qc6 38. Qd3+ g6 39. Qd8 Qh1+ 40. Kd2 1-0

[Event "North Sea Cup 22nd"]
[Site "Esbjerg"]
[Date "2007.07.16"]
[Round "6"]
[White "Nielsen, Henrik"]
[Black "Carlstedt, Jonathan"]
[Result "0-1"]
[WhiteElo "1996"]
[BlackElo "2083"]
[PlyCount "88"]
[EventDate "2007.07.13"]
[EventType "swiss"]
[EventRounds "10"]
[EventCountry "DEN"]
[SourceTitle "CBM 119 Extra"]
[Source "ChessBase"]
[SourceDate "2007.09.04"]
[SourceVersion "1"]
[SourceVersionDate "2007.09.04"]
[SourceQuality "1"]

1. d4 Nf6 2. Nf3 b5 3. Bf4 Bb7 4. Nbd2 e6 5. e3 a6 6. Bd3 c5 7. c3 d5 8. 0-0 Nc6 9. Re1 Be7 10. h3 b4 11. e4 cxd4 12. cxd4 dxe4 13. Nxe4 0-0 14. Nc5 Bxc5 15. dxc5 Qd5 16. Bd6 Rfd8 17. Bc2 Rac8 18. Qxd5 Nxd5 19. Rac1 a5 20. Red1 Ba6 21. Ba4 Be2 22. Bxc6 Bxd1 23. Bb7 Bxf3 24. gxf3 Rc7 25. Bxc7 Nxc7 26. c6 Kf8 27. Rc5 Rd5 28. Rc2 Ke7 29. Kf1 Kd6 30. Kg2 Rc5 31. Rd2+ Nd5 32. Kg3 Kc7 33. f4 Nf6 34. f3 Rd5 35. Rc2 Ne8 36. a3 bxa3 37. bxa3 Nd6 38. Ba8 Rd3 39. Ra2 Rc3 40. a4 Rc4 41. Ra1 Rb4 42. Kf2 Rxf4 43. Rg1 g6 44. Ra1 Rb4 0-1

[Event "North Sea Cup 21st"]
[Site "Esbjerg"]
[Date "2006.07.09"]
[Round "3"]
[White "Nielsen, Henrik"]
[Black "Andersen, Morten"]
[Result "0-1"]
[WhiteElo "1994"]
[BlackElo "2219"]
[PlyCount "86"]
[EventDate "2006.07.08"]
[EventType "swiss"]
[EventRounds "9"]
[EventCountry "DEN"]
[SourceTitle "CBM 113 Extra"]
[Source "ChessBase"]
[SourceDate "2006.09.14"]
[SourceVersion "1"]
[SourceVersionDate "2006.09.14"]
[SourceQuality "1"]

1. d4 d5 2. Nf3 e6 3. Bf4 Bd6 4. Bg5 Ne7 5. Nbd2 f6 6. Bh4 Nf5 7. e4 Nxh4 8. Nxh4 0-0 9. Nhf3 c5 10. dxc5 Bxc5 11. Nb3 dxe4 12. Qxd8 Rxd8 13. Nxc5 exf3 14. gxf3 b6 15. Nd3 Nc6 16. 0-0-0 Ba6 17. Bh3 Nd4 18. Nf4 Kf7 19. c3 g5 20. cxd4 gxf4 21. Rhe1 Bc4 22. b3 Bd5 23. Bg2 Rac8+ 24. Kb2 Rc7 25. Rc1 Rdc8 26. Rxc7+ Rxc7 27. Rc1 Rxc1 28. Kxc1 b5 29. Kc2 b4 30. Kd3 Ke7 31. Bh1 Kd6 32. Bg2 a5 33. Kc2 Bc6 34. Kd3 Kd5 35. Bh3 f5 36. Bg2 Bb5+ 37. Kd2 Kxd4 38. Bh3 h5 39. Bg2 h4 40. Bh3 Bd3 41. Kc1 Kc3 42. Bg2 Be2 43. Kb1 Kd2 0-1

[Event "North Sea Cup 21st"]
[Site "Esbjerg"]
[Date "2006.07.09"]
[Round "2"]
[White "Petersen, Tom Petri"]
[Black "Nielsen, Henrik"]
[Result "1/2-1/2"]
[WhiteElo "2270"]
[BlackElo "1994"]
[PlyCount "121"]
[EventDate "2006.07.08"]
[EventType "swiss"]
[EventRounds "9"]
[EventCountry "DEN"]
[SourceTitle "CBM 113 Extra"]
[Source "ChessBase"]
[SourceDate "2006.09.14"]
[SourceVersion "1"]
[SourceVersionDate "2006.09.14"]
[SourceQuality "1"]

1. e4 c5 2. Nf3 Nc6 3. d4 cxd4 4. Nxd4 e5 5. Nb5 a6 6. Nd6+ Bxd6 7. Qxd6 Qf6 8. Qxf6 Nxf6 9. Nc3 d5 10. exd5 Nb4 11. Bd3 Nfxd5 12. Nxd5 Nxd5 13. 0-0 0-0 14. Re1 f6 15. Be4 Nb4 16. c3 Nc6 17. Bd5+ Kh8 18. Be3 Bg4 19. Bb6 Bh5 20. a4 Bf7 21. Rad1 Bxd5 22. Rxd5 Rf7 23. Red1 h6 24. g3 Re8 25. Bc5 Rc8 26. b4 Kh7 27. Bb6 e4 28. Rd7 Rxd7 29. Rxd7 Ne5 30. Rc7 Rxc7 31. Bxc7 Nf3+ 32. Kg2 Kg8 33. g4 Kf7 34. Kg3 Ke6 35. h4 g6 36. h5 g5 37. Bb6 f5 38. gxf5+ Kxf5 39. Bc5 Ng1 40. c4 Ne2+ 41. Kh2 Nf4 42. Bf8 Nxh5 43. Bxh6 Nf4 44. b5 Nd3 45. a5 Nxf2 46. c5 Ng4+ 47. Kg1 Ne5 48. c6 Nxc6 49. bxc6 bxc6 50. Bf8 Kf4 51. Kf2 g4 52. Bd6+ Kf5 53. Ke3 Ke6 54. Bg3 Kd5 55. Bh4 c5 56. Bg3 c4 57. Be1 Ke5 58. Bc3+ Kd5 59. Be1 Ke5 60. Bg3+ Kd5 61. Be1 1/2-1/2

[Event "NATO-ch 15th"]
[Site "The Hague"]
[Date "2004.08.13"]
[Round "6"]
[White "Nielsen, Henrik"]
[Black "Schott, Guido"]
[Result "0-1"]
[WhiteElo "2028"]
[BlackElo "2195"]
[PlyCount "78"]
[EventDate "2004.08.08"]
[EventType "swiss"]
[EventRounds "7"]
[EventCountry "NED"]
[SourceTitle "CBM 101 Extra"]
[Source "ChessBase"]
[SourceDate "2004.09.01"]
[SourceVersion "2"]
[SourceVersionDate "2004.09.01"]
[SourceQuality "1"]

1. d4 d6 2. g3 g6 3. Bg2 Bg7 4. Nf3 Nf6 5. 0-0 0-0 6. Nbd2 Nbd7 7. c3 e5 8. e3 e4 9. Ng5 d5 10. c4 c6 11. b4 h6 12. Nh3 Nb6 13. c5 Bg4 14. Qb3 Qd7 15. Nf4 g5 16. cxb6 gxf4 17. exf4 axb6 18. Re1 Bh3 19. Nf1 Bxg2 20. Kxg2 Nh5 21. Bb2 Qg4 22. Qe3 c5 23. h3 Qg6 24. Kh2 cxb4 25. Qb3 Rfd8 26. Ne3 Bf8 27. Nxd5 Ra5 28. Nxb4 Kh7 29. a3 Bd6 30. Qe3 Re8 31. Nd3 Rb5 32. Rab1 Rb3 33. Ba1 Rxd3 34. Qxd3 exd3 35. Rxe8 d2 36. Rd1 Qc2 37. d5 Qxd1 38. Rh8+ Kg6 39. Rg8+ Kf5 0-1

[Event "NATO-ch 15th"]
[Site "The Hague"]
[Date "2004.08.12"]
[Round "5"]
[White "Nielsen, Henrik"]
[Black "Kovarcik, Thomas"]
[Result "0-1"]
[WhiteElo "2028"]
[BlackElo "2222"]
[PlyCount "104"]
[EventDate "2004.08.08"]
[EventType "swiss"]
[EventRounds "7"]
[EventCountry "NED"]
[SourceTitle "CBM 101 Extra"]
[Source "ChessBase"]
[SourceDate "2004.09.01"]
[SourceVersion "2"]
[SourceVersionDate "2004.09.01"]
[SourceQuality "1"]

1. d4 d5 2. Nf3 Nf6 3. Bf4 c5 4. e3 Qb6 5. Nc3 c4 6. Rb1 Bg4 7. Be2 e6 8. a3 Nc6 9. h3 Bh5 10. 0-0 Qa5 11. Ne5 Bxe2 12. Qxe2 Be7 13. Rfd1 0-0 14. e4 Rfe8 15. Nf3 b5 16. e5 Nd7 17. Re1 b4 18. axb4 Bxb4 19. Ra1 Qb6 20. Qe3 a5 21. Na4 Qc7 22. c3 Bf8 23. Nh2 Reb8 24. Qg3 Rb3 25. Ng4 Kh8 26. Re3 Ne7 27. Qh2 Nf5 28. Rf3 Nb6 29. Nxb6 Rxb6 30. Bc1 a4 31. Qf4 Nh4 32. Rg3 Ng6 33. Qg5 Be7 34. Qh5 Qb7 35. Bh6 gxh6 36. Qxh6 Bf8 37. Qh5 Bg7 38. Nf6 Bxf6 39. exf6 Qb8 40. Qh6 Qf8 41. Qd2 Qd6 42. Qh6 Qf8 43. Qd2 Rb3 44. Rg4 a3 45. bxa3 Raxa3 46. Rxa3 Rxa3 47. h4 Ra1+ 48. Kh2 Qb8+ 49. Rg3 Qb1 50. Kh3 Qh1+ 51. Kg4 Qxh4+ 52. Kf3 Qe4# 0-1

[Event "NATO-ch 15th"]
[Site "The Hague"]
[Date "2004.08.08"]
[Round "1"]
[White "Nielsen, Henrik"]
[Black "Van Zandwijk, Jan Peter"]
[Result "0-1"]
[WhiteElo "2028"]
[BlackElo "2256"]
[PlyCount "80"]
[EventDate "2004.08.08"]
[EventType "swiss"]
[EventRounds "7"]
[EventCountry "NED"]
[SourceTitle "CBM 101 Extra"]
[Source "ChessBase"]
[SourceDate "2004.09.01"]
[SourceVersion "2"]
[SourceVersionDate "2004.09.01"]
[SourceQuality "1"]

1. d4 f5 2. Nf3 Nf6 3. c4 g6 4. Nc3 Bg7 5. Bg5 d6 6. Bxf6 Bxf6 7. e4 0-0 8. Bd3 e5 9. dxe5 dxe5 10. Be2 c6 11. Qxd8 Rxd8 12. Rd1 Rxd1+ 13. Kxd1 Na6 14. Kc2 Nc5 15. b4 Ne6 16. exf5 gxf5 17. Rd1 Kf7 18. Bf1 e4 19. Ne1 Nd4+ 20. Kb2 a5 21. b5 Be6 22. Nc2 Rd8 23. Nxd4 c5 24. Kb3 cxd4 25. Nd5 Bxd5 26. cxd5 Rc8 27. Bc4 a4+ 28. Kb4 Ke7 29. b6 Be5 30. Bb5 Rc2 31. Bxa4 Rxf2 32. Rc1 Rxg2 33. Bb3 d3 34. Kc4 f4 35. a4 f3 36. Rf1 f2 37. a5 Bxh2 38. a6 bxa6 39. Kd4 Bg3 40. b7 Rg1 0-1

[Event "North Sea Cup 19th"]
[Site "Esbjerg"]
[Date "2004.07.09"]
[Round "8"]
[White "Jakobsen, Martin Skov"]
[Black "Nielsen, Henrik"]
[Result "1-0"]
[WhiteElo "2189"]
[BlackElo "2028"]
[PlyCount "67"]
[EventDate "2004.07.03"]
[EventType "swiss"]
[EventRounds "9"]
[EventCountry "DEN"]
[SourceTitle "CBM 101 Extra"]
[Source "ChessBase"]
[SourceDate "2004.09.01"]
[SourceVersion "2"]
[SourceVersionDate "2004.09.01"]
[SourceQuality "1"]

1. e4 c5 2. c3 e6 3. d4 d5 4. exd5 exd5 5. Nf3 Nf6 6. Bg5 cxd4 7. Nxd4 Be7 8. Nd2 Ne4 9. Bxe7 Qxe7 10. Bb5+ Bd7 11. 0-0 0-0 12. Re1 Bxb5 13. Nxb5 Qc5 14. Nxe4 Qxb5 15. Ng5 d4 16. Ne4 dxc3 17. bxc3 Na6 18. Qf3 Qc6 19. Qf5 Rfe8 20. Ng5 Qg6 21. Qd7 Red8 22. Qb5 Nc7 23. Qxb7 Nd5 24. Re5 Nf6 25. Rae1 h6 26. Nf3 Rab8 27. Qxa7 Ra8 28. Qe7 Nd5 29. Qh4 Nxc3 30. Nd4 Qf6 31. Qg3 Rxd4 32. Qxc3 Rda4 33. Qc2 Rxa2 34. Re8+ 1-0

[Event "North Sea Cup 19th"]
[Site "Esbjerg"]
[Date "2004.07.08"]
[Round "7"]
[White "Wilton, Lars"]
[Black "Nielsen, Henrik"]
[Result "1/2-1/2"]
[WhiteElo "2167"]
[BlackElo "2028"]
[PlyCount "21"]
[EventDate "2004.07.03"]
[EventType "swiss"]
[EventRounds "9"]
[EventCountry "DEN"]
[SourceTitle "CBM 101 Extra"]
[Source "ChessBase"]
[SourceDate "2004.09.01"]
[SourceVersion "2"]
[SourceVersionDate "2004.09.01"]
[SourceQuality "1"]

1. g3 d5 2. f4 c5 3. Bg2 Nc6 4. d3 Nf6 5. Nf3 Bg4 6. Nc3 Bxf3 7. Bxf3 e5 8. 0-0 d4 9. Ne4 Nd5 10. c4 Nc7 11. f5 1/2-1/2

[Event "North Sea Cup 19th"]
[Site "Esbjerg"]
[Date "2004.07.04"]
[Round "2"]
[White "Nielsen, Henrik"]
[Black "Hoi, Carsten"]
[Result "0-1"]
[WhiteElo "2028"]
[BlackElo "2381"]
[PlyCount "68"]
[EventDate "2004.07.03"]
[EventType "swiss"]
[EventRounds "9"]
[EventCountry "DEN"]
[SourceTitle "CBM 101 Extra"]
[Source "ChessBase"]
[SourceDate "2004.09.01"]
[SourceVersion "2"]
[SourceVersionDate "2004.09.01"]
[SourceQuality "1"]

1. d4 Nf6 2. Bg5 g6 3. Nd2 Bg7 4. e4 d6 5. Ngf3 0-0 6. Bc4 Nc6 7. h3 h6 8. Be3 d5 9. exd5 Nxd5 10. Bxd5 Qxd5 11. c3 Qb5 12. Qb3 Qd3 13. Qc4 Qxc4 14. Nxc4 Be6 15. Nce5 Bd5 16. 0-0 Rfd8 17. Bf4 Nxe5 18. Nxe5 g5 19. Be3 f6 20. Nd3 Bc4 21. Rfd1 e5 22. b3 Bxd3 23. Rxd3 f5 24. f3 exd4 25. Rad1 Rd5 26. cxd4 Rad8 27. b4 a5 28. a3 axb4 29. axb4 b6 30. Rc1 c5 31. bxc5 bxc5 32. Ra3 cxd4 33. Bd2 d3 34. Ra7 Bd4+ 0-1

[Event "North Sea Cup 19th"]
[Site "Esbjerg"]
[Date "2004.07.03"]
[Round "1"]
[White "Aagaard, Jacob"]
[Black "Nielsen, Henrik"]
[Result "0-1"]
[WhiteElo "2411"]
[BlackElo "2028"]
[PlyCount "42"]
[EventDate "2004.07.03"]
[EventType "swiss"]
[EventRounds "9"]
[EventCountry "DEN"]
[SourceTitle "CBM 101 Extra"]
[Source "ChessBase"]
[SourceDate "2004.09.01"]
[SourceVersion "2"]
[SourceVersionDate "2004.09.01"]
[SourceQuality "1"]

1. e4 c6 2. d4 d5 3. Nc3 dxe4 4. Nxe4 Nf6 5. Nxf6+ exf6 6. Nf3 Bd6 7. Be2 0-0 8. 0-0 Re8 9. Be3 Nd7 10. c4 Bc7 11. c5 Nf8 12. b4 Ng6 13. b5 Nf4 14. Bxf4 Bxf4 15. Re1 Be6 16. Qa4 Bd5 17. bxc6 bxc6 18. Nh4 Bd2 19. Nf5 Bxe1 20. Rxe1 Qb8 21. Nd6 Rxe2 0-1

[Event "NATO-ch 13th"]
[Site "Brest"]
[Date "2002.10.10"]
[Round "6.22"]
[White "Dilek, Cihan"]
[Black "Nielsen, Henrik"]
[Result "0-1"]
[WhiteElo "1840"]
[BlackElo "2048"]
[PlyCount "100"]
[EventDate "2002.10.07"]
[EventType "swiss"]
[EventRounds "7"]
[EventCountry "FRA"]
[SourceTitle "EXT 2003"]
[Source "ChessBase"]
[SourceDate "2002.11.25"]
[SourceVersion "1"]
[SourceVersionDate "2002.11.25"]
[SourceQuality "1"]

1. d4 Nf6 2. c4 g6 3. Nc3 d5 4. Bg5 dxc4 5. e3 Bg7 6. Bxc4 c5 7. Bb5+ Bd7 8. Bxd7+ Nbxd7 9. Nf3 cxd4 10. exd4 0-0 11. 0-0 Qa5 12. Re1 e6 13. Qb3 Qb6 14. Qc2 Rac8 15. Qe2 a6 16. Ne5 Qxd4 17. Rad1 Qxe5 18. Qxe5 Nxe5 19. Rxe5 Rc4 20. Re3 Rfc8 21. Red3 h6 22. Be3 Ng4 23. Bd2 Ne5 24. Rh3 h5 25. f4 Ng4 26. Kf1 Bd4 27. Ke2 Nf2 28. Rd3 Nxd3 29. Kxd3 Bxc3 30. bxc3 Ra4 31. Ra1 Rd8+ 32. Kc2 Re4 33. Re1 Rxe1 34. Bxe1 Kg7 35. a4 Rc8 36. Bf2 Kf6 37. Kb3 Kf5 38. Be3 Ke4 39. Bd4 Kxf4 40. Kb4 e5 41. Bf2 Ke4 42. c4 Kd3 43. c5 e4 44. h3 e3 45. Be1 e2 46. g4 hxg4 47. hxg4 f5 48. gxf5 gxf5 49. Bf2 f4 50. Ka5 Rc6 0-1